书目信息 |
| 题名: |
哈利·波特与凤凰社
|
|
| 作者: | J. K.罗琳著 ;马爱农 , 马爱新 译 | |
| 分册: | ||
| 出版信息: | 北京 人民文学出版社 2009.04 |
|
| 页数: | 674页 | |
| 开本: | 20cm | |
| 丛书名: | ||
| 单 册: | ||
| 中图分类: | I561.84 | |
| 科图分类: | ||
| 主题词: | 文学 | |
| 电子资源: | ||
| ISBN: | 978-7-02-014457-0 | |
| 000 | 00757nam0 2200229 450 | |
| 001 | 2660968044 | |
| 005 | 20260326165744.26 | |
| 010 | @a978-7-02-014457-0@dCNY89.00 | |
| 100 | @a20260326d2009 km y0chiy0120 ea | |
| 101 | 0 | @achi |
| 102 | @aCN@b110000 | |
| 200 | 1 | @a哈利·波特与凤凰社@AHa Li·Bo Te Yu Feng Huang She@f(英) J. K.罗琳著 ; 马爱农, 马爱新译@F(Ying)J.K.Luo Lin Zhu;Ma Ai Nong,Ma Ai Xin Yi |
| 210 | @a北京@c人民文学出版社@d2009.04 | |
| 215 | @a674页@d20cm | |
| 510 | 1 | @a=Harry Potter and the order of the phoenix |
| 606 | 0 | @a文学 |
| 690 | @aI561.84@v4 | |
| 701 | 0 | @aJ. K.罗琳著@AJ.K.Luo Lin Zhu |
| 702 | 0 | @a马爱农@AMa Ai Nong@4译 |
| 702 | 0 | @a马爱新@AMa Ai Xin@4译 |
| 801 | 0 | @aCN@b河南城建学院图书馆@c20260326 |
| 905 | @dI561.84@eL9451 | |
| 哈利·波特与凤凰社/(英) J. K.罗琳著 ; 马爱农, 马爱新译.-北京:人民文学出版社,2009.04 |
| 674页;20cm |
| ISBN 978-7-02-014457-0:CNY89.00 |
| ● |
| 相关链接 |
|
|
|
正题名:哈利·波特与凤凰社
索取号:I561.84/L9451
 
预约/预借
| 序号 | 登录号 | 条形码 | 馆藏地/架位号 | 状态 | 备注 |
| 1 | 1399071 | 213990715 | 文学库108/116文学库 22排4列1层/ [索取号:I561.84/L9451] | 在馆 |